LEADER 00759nam0-22002891i-450- 001 990002571720403321 035 $a000257172 035 $aFED01000257172 035 $a(Aleph)000257172FED01 035 $a000257172 100 $a20000920d1976----km-y0itay50------ba 101 0 $aENG 200 1 $aCommande optimale des systemes discrets$fV. Boltianski. 210 $aMoscou$cMir$d1976. 215 $a467 p.$d22 cm 610 0 $aOttimizzazione 676 $a519 676 $a510 700 1$aBoltianski,$bV.$012105 801 0$aIT$bUNINA$gRICA$2UNIMARC 901 $aBK 912 $a990002571720403321 952 $aMXVI-B-25$b3087$fMAS 959 $aMAS 996 $aCommande optimale des systèmes discrets$9255334 997 $aUNINA DB $aING01 LEADER 01543nam--2200433---450- 001 990003476640203316 005 20101210110821.0 010 $a88-503-2475-8 035 $a000347664 035 $aUSA01000347664 035 $a(ALEPH)000347664USA01 035 $a000347664 100 $a20101210d20042006km-y0itay50------ba 101 $aita 102 $aIT 105 $a||||||||001yy 200 1 $aAnalisi statistica con Excel$fMichael R. Middleton 205 $a[3. ed.] 210 $aMilano$cApogeo$dc. 2004 [stampa 2006] 215 $aIX, 262 p.$cill.$d24 cm 300 $aInclude bibl. ed indice analit. 300 $aTrad. di Carmelo Giarratana e Marco Giarratana 300 $aIn cop.: Scoprire le funzionalità statistiche del foglio elettronico Excel. Realizzare analisi dei dati, grafici, test statistici e simulazioni. Nel booksite abbinato a questo libro www.apogeo.com/libri/88-503-2475-8/scheda i file Excel utilizzati negli esempi 410 0$12001 454 1$12001$aData analysis using Microsoft Excel, third edition$936357 461 1$1001-------$12001 606 0 $aStatistica$xMetodi matematici 606 0 $aProgrammi per microelaboratori 676 $a519.502 676 $a005.3 700 1$aMIDDLETON,$bMichael R.$0271227 801 0$aIT$bsalbc$gISBD 912 $a990003476640203316 951 $aP07 1005$bDISTRA 959 $aBK 969 $aDISTRA 979 $aDISTRA2$b90$c20101210$lUSA01$h1108 996 $aData analysis using Microsoft Excel, third edition$936357 997 $aUNISA